Aerodynamic theory ; a general review of progress.

Bibliographic Details
Main Author: Durand, William Frederick, 1859-1958
Format: Book
Language:English
Published: New York : Dover Publications, [1963]
Subjects:

MARC

Tag First Indicator Second Indicator Subfields
LEADER 00000cam a2200000 4500
001 in00000096351
005 20150925090129.0
008 750328s1963 eng u
010 |a  63019489  
035 |a (OCoLC)01242734 
035 |9 AAL2319AM 
040 |c ORL  |d TXA  |d UtOrBLW 
049 |a TXAM  |v 1 [907106]  |v 2 [907111]  |v 3 [907110]  |v 4 [907109]  |v 6 [907107] 
050 0 0 |a TL570  |b .D865 1963 
082 0 |a 629.1323 
100 1 |a Durand, William Frederick,  |d 1859-1958. 
245 1 0 |a Aerodynamic theory ;  |b a general review of progress. 
264 1 |a New York :  |b Dover Publications,  |c [1963] 
300 |a 6 volumes :  |b diagrams ;  |c 23 cm. 
336 |a text  |b txt  |2 rdacontent 
337 |a unmediated  |b n  |2 rdamedia 
338 |a volume  |b nc  |2 rdacarrier 
504 |a Includes bibilographies. 
536 |a From the library of Dr. Takashi Ichiye, May 2004. 
650 0 |a Aerodynamics. 
999 |a MARS 
999 f f |s afc1d61a-160f-340c-a54a-5ee023f8360c  |i e7b9c821-0fe1-3f18-a579-175284c9a7ff  |t 0 
952 f f |p ric  |a Texas A&M University  |b Rellis Campus  |c Joint Library Facility  |s JLF  |d Remote Storage  |t 0  |e TL570 .D865 1963  |h Library of Congress classification  |i unmediated -- volume  |k v.2  |m A14805542397 
952 f f |p ric  |a Texas A&M University  |b Rellis Campus  |c Joint Library Facility  |s JLF  |d Remote Storage  |t 0  |e TL570 .D865 1963  |h Library of Congress classification  |i unmediated -- volume  |k v.4  |m A14805542410 
952 f f |p ric  |a Texas A&M University  |b Rellis Campus  |c Joint Library Facility  |s JLF  |d Remote Storage  |t 0  |e TL570 .D865 1963  |h Library of Congress classification  |i unmediated -- volume  |k v.1  |m A14805542389 
952 f f |p ric  |a Texas A&M University  |b Rellis Campus  |c Joint Library Facility  |s JLF  |d Remote Storage  |t 0  |e TL570 .D865 1963  |h Library of Congress classification  |i unmediated -- volume  |k v.3  |m A14805542402 
952 f f |p ric  |a Texas A&M University  |b Rellis Campus  |c Joint Library Facility  |s JLF  |d Remote Storage  |t 0  |e TL570 .D865 1963  |h Library of Congress classification  |i unmediated -- volume  |k v.6  |m A14805542428 
998 f f |a TL570 .D865 1963  |s v.1-v.4, v.6  |t 0  |l Remote Storage